LIBRARY & INFORMATION CENTRE, KCAET, TAVANUR

ONLINE PUBLIC ACCESS CATALOGUE (OPAC)

Language study in Indian education / (Record no. 10965)

MARC details
000 -LEADER
fixed length control field 00375cam a2200145ua 4500
041 ## - LANGUAGE CODE
Language code of text/sound track or separate title eng
082 ## - DEWEY DECIMAL CLASSIFICATION NUMBER
Classification number 372.6
Item number DES/LA
100 ## - MAIN ENTRY--AUTHOR NAME
Personal name Desai, M P .
245 ## - TITLE STATEMENT
Title Language study in Indian education /
260 ## - PUBLICATION, DISTRIBUTION, ETC. (IMPRINT)
Place of publication Ahmadabad :
Name of publisher Navajivan publishing house ,
Year of publication 1957.
300 ## - PHYSICAL DESCRIPTION
Number of Pages 54 ; .
942 ## - ADDED ENTRY ELEMENTS (KOHA)
Koha item type Books
Holdings
Withdrawn status Lost status Damaged status Home library Current library Date acquired Full call number Accession Number Koha item type
Withdrawn     KAUAET KAUAET 07/04/2012 372.6 2407 Books
free website counter